| 000 | 00489nam a2200145Ia 4500 | ||
|---|---|---|---|
| 999 |
_c27046 _d27046 |
||
| 041 | _aEnglish | ||
| 082 | _aRB.0295 | ||
| 100 |
_aBorkakoty, Aparajeeta _uGuwahati University |
||
| 245 | 2 |
_aA study into the status and growth of entrepreneurship education and training in Assam / _cAparajeeta Borkakoty |
|
| 260 |
_aNew Delhi : _bIndian Council of Social Science Research, |
||
| 300 | _a44p | ||
| 650 |
_aEducation _zIndia _zAssam |
||
| 650 | _aentrepreneurship education | ||
| 942 |
_2ddc _cRP |
||